| 000 | 01630nam a22002417a 4500 | ||
|---|---|---|---|
| 005 | 20250902125710.0 | ||
| 006 | a|||||r||||||||||| | ||
| 008 | s2014 paua b 001 0 eng | | ||
| 020 | _a9781609139551 | ||
| 040 |
_aGR-AtMCL _dGR-AtMCL _bgre _eAACR2 |
||
| 245 | 0 | 0 |
_aACSM's guidelines for exercise testing and prescription / _cAmerican College of Sports Medicine ; senior editor, Linda S. Pescatello ; associate editors, Ross Arena, Deborah Riebe, Paul D. Thompson. |
| 246 | 1 | _aGuidelines for exercise testing and prescription | |
| 250 | _a9th ed. | ||
| 260 |
_aPhiladelphia : _bWolters Kluwer/Lippincott Williams & Wilkins Health, _cc2014. |
||
| 300 |
_axxiv, 456 p. : _bcol. ill. ; _c21 cm. |
||
| 504 | _aIncludes bibliographical references and index. | ||
| 505 | 0 | _aBenefits and risks associated with physical activity -- Preparticipation health screening -- Preexercise evaluation -- Health-related physical fitness testing and interpretation -- Clinical exercise testing -- Interpretation of clinical exercise test results -- General principles of exercise prescription -- Exercise prescription for healthy populations with special considerations and environmental considerations -- Exercise prescription for patients with cardiovascular and cerebrovascular disease -- Exercise prescription for populations with other chronic diseases and health conditions -- Behavioral theories and strategies for promoting exercise. | |
| 650 | 1 | 0 |
_aHealth & Sport _910066 |
| 650 | 2 | 0 |
_aExercise Test _vGuideline. _xstandards _910067 |
| 710 |
_aAmerican College of Sports Medicine _910068 |
||
| 942 | _cBK | ||
| 999 |
_c9915 _d9915 |
||